000 00745nam a2200229Ii 4500
003 JO-AjNU
008 230605s9999||||xx |||||||||||||| ||und||
017 _a2006/9/2503
040 _aJO-AjNU
_bara
_erda
_cJO-AjNU
041 _aara
050 1 4 _aBP134 2006
100 3 _aالياقتي، رغداء بكور,
_eauthor
_956599
245 0 0 _aعلاجك من القرآن والسنة والدعاء
250 _aط1
264 3 1 _aعمان: المؤلف، 2006
300 _a155ص
336 _atext
_btxt
_2rdacontent
337 _aunmediated
_bn
_2rdamedia
338 _avolume
_bnc
_2rdacarrier
490 0 _aسلسلة اختي المسلمة4
650 4 _aالعلاج بالقرآن الكريم- السنة النبوية
_956600
999 _aA25312
_c28880
_d28880